000 01385cam a22003494a 4500
999 _c9483
_d9483
001 14187316
003 OSt
005 20210115121847.0
008 051202s2006 ilua b 000 0 eng
010 _a 2005034714
020 _a0802422578
020 _a9780802422576
035 _a(OCoLC)ocm62533785
040 _aDLC
_cDLC
_dIG#
_dBAKER
_dDLC
042 _apcc
050 0 0 _aHG179
_b.D368 2006
082 0 0 _a261.8/5
_222
100 1 _aDayton, Howard Lape,
_d1943-
245 1 0 _aFree and clear :
_bGod's roadmap to debt-free living /
_cHoward Dayton.
260 _aChicago, IL :
_bMoody Publishers,
_cc2006.
300 _a213 p. :
_bill. ;
_c22 cm.
504 _aIncludes bibliographical references.
650 0 _aFinance, Personal
_xReligious aspects.
650 0 _aMoney
_xReligious aspects.
650 0 _aDebt.
856 4 1 _3Table of contents only
_uhttp://www.loc.gov/catdir/toc/ecip064/2005034714.html
856 4 2 _3Publisher description
_uhttp://www.loc.gov/catdir/enhancements/fy0632/2005034714-d.html
856 4 2 _3Contributor biographical information
_uhttp://www.loc.gov/catdir/enhancements/fy1108/2005034714-b.html
906 _a7
_bcbc
_corignew
_d1
_eecip
_f20
_gy-gencatlg
942 _2ddc
_cBK